|
|
|
|
| LEADER |
00000cam a2200000 7i4500 |
| 001 |
0000003802 |
| 005 |
20110706.0 |
| 020 |
0 |
0 |
|a 9781844075324
|
| 090 |
0 |
0 |
|a 614.4
|b CAR 2008
|
| 245 |
1 |
0 |
|a Human health and forest :
|b : A global overview of issues, practice and policy
|c edited by Carol J.Pierce Colfer
|
| 260 |
0 |
0 |
|a UK :
|b Earthscan ,
|c 2008
|
| 300 |
|
|
|a xxi.374 p. ;
|c 25 cm.
|
| 500 |
0 |
0 |
|a includes index
|
| 650 |
0 |
0 |
|a Environmental health
|
| 650 |
0 |
0 |
|a Forest and forestry---Health aspects
|
| 650 |
0 |
0 |
|a Forest policy---Health aspects
|
| 700 |
0 |
1 |
|a Colfer, Carol J. Pierce
|
| 998 |
|
|
|a JPSM
|
| 999 |
|
|
|a 007411
|b Monograph
|c Open Shelf
|e Default branch
|